Millman's Electronic devices and circuits (Record no. 5314)
[ view plain ]
| 000 -LEADER | |
|---|---|
| fixed length control field | 00639nam a2200193Ia 4500 |
| 003 - CONTROL NUMBER IDENTIFIER | |
| control field | SGT |
| 020 ## - INTERNATIONAL STANDARD BOOK NUMBER | |
| International Standard Book Number | 9780070700215 |
| 082 ## - DEWEY DECIMAL CLASSIFICATION NUMBER | |
| Classification number | 621.381 |
| Item number | MIL |
| 100 ## - MAIN ENTRY--PERSONAL NAME | |
| Personal name | Millman,Jacob |
| 245 ## - TITLE STATEMENT | |
| Title | Millman's Electronic devices and circuits |
| 250 ## - EDITION STATEMENT | |
| Edition statement | 3rd Ed. |
| 260 ## - PUBLICATION, DISTRIBUTION, ETC. (IMPRINT) | |
| Name of publisher, distributor, etc | Tata McGraw Hill Education Private Limited |
| Place of publication, distribution, etc | New Delhi |
| Year of Publication | 2010 |
| 300 ## - PAGE DESCRIPTION | |
| No. of Pages | 747p. |
| 650 ## - SUBJECT ADDED ENTRY--TOPICAL TERM | |
| Topical term or geographic name as entry element | ELECTRONICS ENGINEERING |
| 653 ## - KEYWORDS--INDEX TERM | |
| Keyword term | ELECTRON BALLISTIC AND APPLICATIONS,ENERGY LEVELS AND ENERGY BANDS,CONDUCTION LIN METALS,CONDUCTION IN SEMICONDUCTORS,SEMICONDUCTOR-DIODE CHARACTERISTICS, |
| 700 ## - ADDED ENTRY--PERSONAL NAME | |
| Personal name | Halkias,Christos C |
| 700 ## - ADDED ENTRY--PERSONAL NAME | |
| Personal name | Jit,Satyabrata |
| 942 ## - ADDED ENTRY ELEMENTS (KOHA) | |
| Source of classification or shelving scheme | Dewey Decimal Classification |
| Koha item type | Books |
| Withdrawn status | Lost status | Source of classification or shelving scheme | Damaged status | Not for loan | Home library | Current library | Date acquired | SGTU | Total Checkouts | Full call number | Accession No. (Barcode) | Date last seen | Bill Date | Koha item type | Date last borrowed |
|---|---|---|---|---|---|---|---|---|---|---|---|---|---|---|---|
| Dewey Decimal Classification | SGT Engineering Library | SGT Engineering Library | 02/07/2011 | SGTU | 621.381 MIL | FE3931 | 09/02/2015 | 09/02/2015 | Books | ||||||
| Dewey Decimal Classification | SGT Engineering Library | SGT Engineering Library | 02/07/2011 | SGTU | 621.381 MIL | FE3932 | 09/02/2015 | 09/02/2015 | Books | ||||||
| Dewey Decimal Classification | SGT Engineering Library | SGT Engineering Library | 02/07/2011 | SGTU | 621.381 MIL | FE3933 | 09/02/2015 | 09/02/2015 | Books | ||||||
| Dewey Decimal Classification | SGT Engineering Library | SGT Engineering Library | 02/07/2011 | SGTU | 2 | 621.381 MIL | FE3934 | 06/11/2019 | 09/02/2015 | Books | 23/10/2019 | ||||
| Dewey Decimal Classification | SGT Engineering Library | SGT Engineering Library | 02/07/2011 | SGTU | 2 | 621.381 MIL | FE3935 | 22/02/2020 | 09/02/2015 | Books | 31/01/2020 |